[Event "Welsh Seniors Championship"]
[Site "Merthyr Tydfil"]
[Date "2019.09.27"]
[Round "1.1"]
[White "Hurn, Robert AJ"]
[Black "Pinch, David"]
[Result "1/2-1/2"]
[WhiteElo "1608"]
[BlackElo "1646"]
[Annotator "kemen"]
[PlyCount "74"]
[EventDate "2019.??.??"]

{[%evp 0,74,19,9,42,-10,17,39,53,42,81,24,40,43,54,35,27,37,33,37,43,-2,-3,20,
-5,-97,-118,-115,-99,-92,-111,-150,-142,-165,-121,-136,-135,-159,-182,-173,
-163,-176,-163,-165,-120,-166,78,-229,-193,-362,-362,-375,-291,-361,-370,-430,
-430,-436,-368,-334,-368,-371,-370,-370,-350,-364,-377,-382,-320,-322,-343,
-343,-322,-343,-338,-338,-333]} 1. d4 Nf6 2. c4 c5 3. d5 b5 {first outing of
the Benko for David} 4. Nf3 {second most played here, after accepting the pawn}
d6 (4... g6) (4... Bb7 5. Nc3 b4 6. Nb1 e6 7. dxe6 fxe6 8. Bg5 Be7 9. e3 O-O
10. Be2 d5 11. O-O Nbd7 12. Nbd2 {urn-Waterfield, Dyfed Open 2019,1/2-1/2}) 5.
Qc2 (5. cxb5 {main}) 5... bxc4 (5... g6) 6. e4 g6 7. Nc3 Bg7 8. Bxc4 O-O 9. O-O
Nbd7 10. Nd2 (10. h3 {main GM practice} Rb8 11. Rb1 Nb6 12. Be2 Nbd7 13. Bf4
Qa5 14. Rfe1 Ba6 15. Bxa6 Qxa6 16. e5 $14 {Hurn-Waterfield,Welsh Seniors ch
2018,1/2-1/2}) 10... Nb6 (10... Ne5 11. Be2 Qb6 (11... Rb8 12. f4 Ned7 13. Nc4
Qc7 14. Be3 Nb6 15. Rab1 Nxc4 16. Bxc4 Ng4 17. Bc1 Bd4+ 18. Kh1 Ne3 19. Bxe3
Bxe3 20. Qd3 Bd4 21. Nb5 Qa5 22. Nxd4 cxd4 23. Qxd4 Ba6 24. Bxa6 Qxa6 25. a3 {
Silkaitis-Kavialauskas, LTU ch 2018,1-0}) 12. a4 Ba6 13. Nb5 {
Omarsson-Olafsson,Gudmuder Arason op, Hafnarfjorur 1998,0-1}) 11. Be2 e6 (11...
a5 12. a4 Ne8 13. Nb5 Nc7 14. Nxc7 Qxc7 15. Nc4 Ba6 16. Nxb6 Qxb6 17. Bxa6 Rxa6
18. Rb1 Rb8 19. Bd2 Qb3 {Tsirulnik-Shapoval,UKR ch women, Evpatoria,2008,1/2-1/
2}) 12. Bf3 (12. dxe6 Bxe6 (12... fxe6 {0-2} 13. e5 (13. Bf3 Nfd7 14. b3 Ba6
15. Rd1 Ne5 16. Bb2 Nd3 17. Nf1 Nxb2 18. Qxb2 Bd4 $19 {Piquemal-Bui Trong, FRA
ch tm 2004,0-1}) 13... Nfd5 14. exd6 Nb4 (14... Qxd6) 15. Qb3 Nc6 16. Qb5 (16.
Nde4 $18) 16... Bb7 17. Qxc5 Bd4 18. Qa3 Rxf2 19. Rxf2 Bxf2+ 20. Kxf2 Qh4+ 21.
Kg1 Nd4 22. g3 Qh3 23. Bf1 Qf5 24. Nd1 $2 Qd5 $19 {Soural-Sabol, Nachod op
2001,0-1}) 13. Nf3 Rc8 14. Rd1 Qe7 {Goh-Olarusu, Nova Gorica 2008,1/2-1/2})
12... exd5 13. Nxd5 (13. exd5) 13... Nfxd5 14. exd5 Re8 $19 15. Nc4 Bf5 (15...
Ba6 $19 16. Nxb6 Bxf1 17. Nxa8 Bd3 $1 {Komodo13, saves the pice with a
backrank threat} 18. Qd2 c4 19. h3 Qxa8 $19) 16. Qb3 Rb8 (16... Nxc4 17. Qxc4
Rb8 $19 {more accurate, Komodo13}) 17. Nxb6 (17. Ne3 Bd7 $19 {better try})
17... Rxb6 18. Qa3 Qb8 19. g4 {trying to break free, but creates K side
trouble for Wh} Be4 (19... Bc2 20. Bd1 Be4 21. Bf3 Rb4 22. h3 Qb5 $19 {Komodo13
} 23. Bxe4 Rbxe4 24. Qb3 Qe2) 20. Bxe4 Rxe4 21. Qf3 Reb4 (21... Qe8 22. Rb1 Qe5
23. h3 (23. Rd1 Re1+ 24. Rxe1 Qxe1+ 25. Kg2 Rb4 $19) 23... Qxd5 $19 {Komodo13})
22. Rb1 Bxb2 {looks a logical followup, yet should lose!} (22... Ra4 $19 23. a3
Rb3 24. Qe2 Qb5 25. Re1 Qxe2 26. Rxe2 Rxg4+ 27. Kf1 Be5 $19 {Komodo13}) 23. Bd2
{right idea, wrong execution thereof.} (23. Rxb2 $1 $18 Rxb2 (23... Qc8 24.
Rxb4 Rxb4 25. h3 $18) 24. Qf6 Qf8 25. Bxb2 Rxb2 26. Qxb2 $18 {Komodo13}) 23...
Ra4 24. Rxb2 Rxb2 25. Bc3 Rc2 (25... Rb1 26. Bf6 (26. Qf6 Rxg4+)) (25... Ra3 {
Rudy & considered by Bl} 26. Qf6 Rxc3 27. Qxc3 Qb4 28. Qg3 Rb1 29. Qxd6 Qxg4+
30. Qg3 Rxf1+ 31. Kxf1 Qxg3 32. hxg3 Kf8 {and the c pawn wins}) 26. Ba1 Rcxa2
27. Bf6 (27. Qf6 Rxa1 28. Rxa1 Rxg4+ 29. Kh1 Qb3 $19 {Komodo13}) 27... Qb4 28.
h3 R2a3 (28... R4a3 29. Qg2 Re2 $19 {Komodo13}) (28... Qf4 {an idea Rudy,
actually loses to} 29. Rb1 Ra1 30. Bxa1 $1) 29. Qe2 Qe4 30. Re1 Qxe2 31. Rxe2
Kf8 32. Be7+ Kg7 {best-Komodo13} (32... Ke8 $19) 33. g5 Rd3 (33... Rxh3 $1 {
Komodo13} 34. Bf6+ Kf8 35. Be7+ Ke8 36. Bxd6+ Kd7 37. Kg2 (37. Bxc5 Rg4+ 38.
Kf1 Rh1#) 37... Rd3 38. Bxc5 Rg4+ 39. Kh2 Rxd5 $19 {Komodo13}) 34. Bf6+ (34.
Bxd6) 34... Kf8 35. Be7+ Kg7 36. Bf6+ Kf8 37. Be7+ Kg7 (37... Ke8 {and Bl is
still winning} 38. Bxd6+ Kd7 39. Bxc5 Rxd5 40. Re7+ Kd8 41. Rxa7 Rxa7 42. Bxa7
Rxg5+) 1/2-1/2

[Event "Welsh Seniors Merthyr Tydfil"]
[Site "?"]
[Date "2019.09.27"]
[Round "1.2"]
[White "O'Rourke, Kevin"]
[Black "Van Kemenade, R."]
[Result "0-1"]
[WhiteElo "1275"]
[BlackElo "1885"]
[Annotator "kemen"]
[PlyCount "98"]
[EventDate "2019.09.29"]

{[%evp 0,33,19,31,31,38,22,17,22,22,39,0,17,6,20,-50,-53,-44,-20,-41,-42,-37,
-20,-63,-64,-79,-46,-68,-74,-84,4,-96,-91,-80,-87,-160]} 1. e4 e5 2. Nf3 Nf6 3.
Nc3 Bb4 4. Qe2 {this leads to trouble a bit later when the game opens up} (4.
Bc4) (4. Nxe5) (4. d3 {main lines}) 4... d6 (4... Nc6) (4... O-O) 5. h3 (5. a3
$15 {1 Wh win, 4 draws}) 5... c6 (5... a6 6. a3 Bc5 7. b4 Ba7 8. Bb2 Nc6 9. g3
O-O 10. Bg2 Bd7 11. O-O a5 12. Na2 axb4 13. axb4 Re8 {Hunt-Newton, IECC 2001,
0-1}) 6. a3 Ba5 7. Na2 $6 (7. b4 Bc7 {would save Wh 2 tempi}) 7... Nbd7 (7...
d5 $17 {Komodo13}) 8. b4 Bc7 9. Nc3 a5 {loosening up the Q side in case Wh has
plans of 0-0-0} 10. b5 O-O 11. d3 d5 $17 12. exd5 (12. bxc6 bxc6 13. g3 Nc5 $19
) 12... Nxd5 (12... cxd5 $19 13. Bg5 {Bl didn't want to allow this, however} h6
14. Bh4 a4 15. Nxd5 (15. Nd2 Ba5 16. Nxd5 g5 17. Nxf6+ Nxf6 18. Bg3 Re8 19.
O-O-O Qd4 20. Nb1 Nd5 21. c4 Nc3 22. Nxc3 Qxc3+ 23. Qc2 Qxa3+ $19) 15... g5 16.
Nxc7 Qxc7 17. Rd1 gxh4 $19 {Komodo13}) 13. Nxd5 (13. Bg5 f6 14. Bd2 Re8 $19)
13... cxd5 14. Bb2 (14. g3 Nb6 (14... e4 15. dxe4 dxe4 16. Nd4 Nc5 17. Be3 Na4
18. Qd2 Bb6 19. Bg2 Qc7 20. O-O Rd8 $15) 15. Bg2 e4 16. Nd4 exd3 17. Qxd3 Re8+
18. Kf1 (18. Be3 Nc4 19. O-O Nxe3 20. fxe3 Bxg3 $19 {Komodo13})) 14... e4 (
14... Re8 15. O-O-O Nb6 $19 {Komodo13- as the Wh K position remains insecure})
15. Nd4 (15. dxe4 dxe4 16. Nd4 Nb6 17. O-O-O Qe7 $17 {Komodo13}) 15... Nc5 (
15... Bf4 $1 $19 {Komodo13}) (15... exd3 16. Qxd3 Re8+ 17. Be2 Nc5 18. Qf3 Na4
19. O-O-O Be5 20. Ba1 Qd6 21. Kb1 Bd7 $19 {Komodo13}) 16. O-O-O Re8 (16... exd3
$19 {Komodo13} 17. cxd3 Na4 (17... Bd7)) 17. Nb3 $2 (17. dxe4 Rxe4 18. Qf3 Be5
19. Bd3 (19. Kb1 Qb6 $19) 19... Qg5+ 20. Kb1 Rxd4 $19 {Komodo13}) 17... exd3
$19 (17... Bf4+ $1 18. Kb1 (18. Nd2 exd3 19. Qf3 Bxd2+ 20. Kb1 (20. Rxd2 Re1+
21. Qd1 (21. Rd1 Qg5+ 22. Kb1 dxc2+ 23. Kxc2 Bf5+ 24. Bd3 (24. Rd3 Rc8 $19)
24... Nxd3 25. Rxd3 Rxh1 $19))) (18. Rd2 exd3 19. Qd1 Bf5 20. Bxd3 Nxb3+ 21.
cxb3 Bxd3 $19) 18... exd3 19. Qf3 dxc2+ 20. Kxc2 Bf5+ 21. Bd3 Nxd3 22. Rxd3
Qc7+ 23. Kd1 Be4 24. Qg4 f5 $19 {Komodo13}) 18. Qd2 Ne4 19. Qe3 (19. Qxd3 Nxf2
20. Qd4 Qg5+ 21. Kb1 Nxh1 $19 {Komodo13,seen by Bl}) 19... Nc3 (19... Ng3 {
seen as alternative}) (19... dxc2 $1 {Komodo13- considered by Bl} 20. Kxc2 Bf5
21. Bd3 Rc8 {not assessed fully} 22. Kb1 (22. Qf3 Be5+ 23. Kb1 Qf6 24. g4 (24.
Bxe5 Qxe5 25. Rde1 a4 $19) 24... Bxb2 25. Qxf5 Nc3+ 26. Kc2 (26. Kxb2 Nxd1+ 27.
Kb1 Qb2#) 26... Ne4+ 27. Kb1 Qc3 28. Bxe4 dxe4 29. Rd2 Bxa3 30. Qd5 a4 $19)
22... Nc3+ 23. Bxc3 Rxe3 24. fxe3 Qg5 $19 {Komodo13}) 20. Qxd3 Nxd1 (20... Qg5+
$1 {Komodo13} 21. Qd2 (21. Nd2 Nxd1 22. Kxd1 Bf5 23. Qf3 Be5 24. Bc1 Rac8 25.
Bd3 Bxd3 26. Qxd3 Qxg2 $19) 21... Bf4 22. Bxc3 Bxd2+ 23. Rxd2 Bf5 $19 {Komodo13
}) (20... Bf4+ 21. Nd2 (21. Rd2 Re1# {missed by Bl}) 21... Nxd1 22. Kxd1 Qb6
23. Qd4 Qh6 $19 {Komodo13}) 21. Qxd1 Bf5 22. Nd4 Bg6 23. Bd3 Qg5+ 24. Kb1 Qxg2
(24... Bxd3 25. cxd3 Qg6 {Komodo13}) 25. Bxg6 hxg6 26. h4 Qxf2 27. h5 gxh5 {
a little risky, but 3 passed pawns should give a simple win in endings. When
up in material, it is seldom wise just to swap and hope things will work out.
One needs to play with extra vigour to activate the pieces.} (27... Rad8 28.
hxg6 fxg6 $19 {Komodo13}) 28. Nb3 (28. Qxh5 Re1+) (28. Rf1 Qh2 29. Rh1 Qe5)
28... g6 29. Nc1 (29. Qxd5 Rac8 (29... Re1+ 30. Rxe1 Qxe1+ 31. Ka2 Qe6 {
planned by Bl}) 30. Rxh5 (30. Bd4 Qf4 31. a4 Be5) 30... Qg1+ (30... gxh5 $2 31.
Qg5+ Kf8 32. Bg7+ Kg8 33. Bf6+ Kf8 34. Qg7#) 31. Nc1 gxh5 32. Qxh5 f6 33. Qd5+
(33. Bxf6 Qg2 $19) 33... Kf8 34. Bxf6 Qg6 $19 {Komodo13}) 29... Rad8 30. Nd3
Qe2 31. Qc1 Qe3 32. Qf1 d4 {shutting off entry points for Wh} 33. Qd1 (33. Bc1
Qe2 34. Qh3 Qg4 35. Qf1 Rd5 36. a4 Rf5 {Komodo13, envisaged by Bl}) 33... Bg3
34. Rh3 h4 35. Qh1 (35. Rh1 Qe2 36. Qc1 Re3) 35... Qe4 (35... Rc8) 36. Qxe4
Rxe4 37. Nc5 Re1+ 38. Ka2 g5 (38... b6 {is Ok; Bl aims for a faster resolution}
) 39. a4 (39. Nxb7 Rd5 40. Nxa5 g4) 39... g4 40. Nd3 gxh3 41. c3 Re2 (41... h2
{getting a Q is possibly one move faster to mate; but then Bl would have to
demolishthe Wh K position anyway. So, do things in reverse order.}) (41... dxc3
) 42. Kb3 dxc3 43. Kxc3 Rxd3+ (43... h2) 44. Kxd3 Rxb2 45. Kc4 h2 46. Kc5 h1=Q
47. Kb6 {trying to hide behind the Bl pawns} Qc6+ 48. Ka7 Qc7 49. Ka8 (49. b6 {
only other move} Qb8#) 49... Qb8# 0-1

[Event "Wales Seniors Merthyr Tidfil"]
[Site "?"]
[Date "2019.09.28"]
[Round "2.1"]
[White "Van Kemenade, R."]
[Black "Phillips, William"]
[Result "0-1"]
[WhiteElo "1885"]
[BlackElo "1893"]
[Annotator "kemen"]
[PlyCount "160"]
[EventDate "2019.09.29"]

{[%evp 0,13,19,31,34,19,13,17,8,1,25,-4,-1,35,10,-23]} 1. e4 e5 2. Nf3 Nc6 3.
Bc4 Bc5 4. c3 Nf6 5. d3 a6 {2nd most played move, though Bl was playing it
move by move} (5... d6 {main}) 6. O-O (6. Bb3 Ba7) 6... O-O (6... Ba7) (6... d6
) 7. h3 (7. Bb3 {main}) (7. d4 Ba7 (7... exd4 8. cxd4 Ba7 9. e5 {4-0}) 8. dxe5
Nxe4 9. Bd5 (9. b4 {6 Wh wins,2 draws,2 Bl wins}) 9... Nc5 10. Bg5 Qe8 11. Re1
{7 Wh wins,3 draws}) 7... Bb6 $146 (7... d6 {main}) (7... Ba7) 8. Re1 (8. Bg5 {
considered}) (8. Be3 {also, though} Bxe3 9. fxe3 d5 10. exd5 Nxd5 11. Qe2 Be6
$11) 8... d6 9. Bb3 {transposes to several games} (9. a4 {Stockfish10 &
Houdini4}) 9... Be6 10. Bc2 (10. Bg5 {Komodo13}) (10. d4 {Deep Fritz13}) 10...
Ne7 {a similar re-routing is found in lines with the Bl B on a7,5 Wh wins,2
draws & 3 Bl wins} (10... h6 11. d4 exd4 12. cxd4 Nb4 13. d5 (13. Bb3 Bxb3 14.
Qxb3 Nc6 15. e5 dxe5 16. dxe5 Nd5 17. Rd1 Nce7 18. Nc3 c6 $14 {
Ianocichin=Romcovici, Lutikov mem, Tiraspol 2007, draw agreed}) 13... Nxc2 14.
Qxc2 Bd7 15. Bf4 $14 {Bromberger-Abdulmalik, Qatar Masters op, Doha 2015,0-1})
(10... Qd7 11. Ng5 h6 12. Nxe6 fxe6 13. Be3 Bxe3 14. Rxe3 Qf7 15. Qf1 Nh5 16.
g3 Qg6 17. Qg2 $11 {Sousa-Vergara,Moscow Olympiad 1994,1-0}) 11. d4 (11. Be3
Bxe3 12. fxe3 {holds f4 against the Ns. In a similar position Wh bulit up a
winninh attack down the f file in Van Kemenade-Guha, WLS ch 2019,1-0} Ng6 13.
d4 d5 {Bl can still react with this} 14. exd5 Bxd5 15. e4 Be6 16. d5 Bd7 17.
Nbd2 $11) 11... Ng6 12. dxe5 {hoping to play against some weak pawns, but Bl
develops very active piece play} (12. Be3 {played mainly with the B on a7,
though Wh got concerned about Bl's possibilities with} Nh5 (12... h6 13. Nbd2
Nh5 14. d5 Bxe3 15. Rxe3 Bd7 16. Nxe5 Nxe5 17. Qxh5 $16) 13. Nbd2 (13. d5 Bxe3
14. Rxe3 Bc8 15. Nxe5 $16) 13... Qf6 {missing that then} 14. Bg5 {wins the Q})
(12. Nbd2 Nh5 13. Nf1 c6 14. Be3 Nhf4 15. dxe5 dxe5 16. Qxd8 Bxd8 17. N1d2 Bc7
18. g3 Nxh3+ 19. Kg2 h6 20. Bb3 Ng5 21. Nxg5 Bxb3 22. Nxb3 hxg5 23. Bxg5 f6 24.
Be3 b6 25. a4 a5 26. Nd2 $14 {Komodo13}) 12... dxe5 13. Qxd8 Raxd8 14. Bg5 (14.
Nbd2 Nh5 15. Nf1 h6 16. Be3 Bxe3 17. Nxe3 Nhf4 $11 {Komodo13}) 14... h6 $15 {
Komodo13} 15. Bxf6 (15. Be3 Bxe3 16. fxe3 Rd7 17. b3 Rfd8 18. c4 c6 19. c5 Nh7
20. Nc3 Ng5 21. Nxg5 hxg5 22. Rad1 g4 23. hxg4 Bxg4 24. Rxd7 Rxd7 25. Bd1 Be6
$15 {Komodo13}) 15... gxf6 $17 16. Nbd2 (16. g3 Bxh3 17. Nbd2 Rd7 $17 {Komodo13
}) 16... Nf4 17. Nf1 Nd3 (17... Kh7 18. Ne3 Rg8 19. g3 (19. Kh1 Bxe3 20. fxe3
Nxg2 $19) 19... h5 20. Rad1 Nxh3+ 21. Kg2 Rxd1 22. Rxd1 Nf4+ 23. Kh2 Bxe3 24.
fxe3 Ne2 25. Bd3 Nxg3 26. Rg1 Rd8 27. Bb1 h4 28. Nxh4 Ne2 29. Rg2 Nc1 $19 {
Komodo13}) 18. Bxd3 Rxd3 19. Ng3 Bxh3 20. Nh5 Be6 21. Nxf6+ Kg7 22. Nh5+ (22.
Nd5 {considered by Wh} Bxd5 23. exd5 Rxd5 24. Rxe5 Rxe5 25. Nxe5 Re8 26. Re1 f6
27. Nf3 Rxe1+ 28. Nxe1 $11 {Komodo13}) 22... Kh8 23. a4 {after some thought} (
23. Rad1 {Wh came close to playing this} Rfd8 (23... Rxd1 24. Rxd1 f6 25. Rd2 (
25. a3) 25... Bxa2 26. Nh4 Rf7 27. Rd8+ Kh7 28. Rd7 f5 29. Nf6+ Kg7 30. Nh5+
Kh7 31. Nf6+ $11 {Komodo13}) 24. Rxd3 Rxd3 25. Kf1 (25. Nxe5 Rd2 $17) 25...
Bxa2 (25... Bc4 26. Nxe5 Rd2+ 27. Nxc4 Rxf2+ 28. Kg1 Re2+ 29. Kf1 Rf2+ $11) 26.
Ke2 Rd8 27. Nxe5 Bc5 (27... Re8 28. f4 Bc4+ 29. Nxc4 Rxe4+ 30. Kd2 Rxc4 31. g4
Rc5 32. Re7 Kg8 33. Re8+ Kh7 34. Rf8 $14 {Komodo13}) 28. f4 $11) 23... Rfd8 $15
24. a5 Ba7 25. Ra4 $6 (25. Nxe5 {had to be tried} Rd2 26. Kh1 (26. Rf1 Rxb2 27.
Nf4 Rdd2 28. Kh2 Rb5 29. Nf3 Rxf2 30. Rxf2 Bxf2 31. Nd4 Bxd4 32. cxd4 c6 $17)
26... Rxf2 (26... Bxf2 27. Rf1 Rxb2 28. Nf4 Rdd2 29. Ned3 Rbc2 30. Nxf2 Rxf2
31. Rxf2 Rxf2 32. Nxe6 fxe6 33. Rb1 Rc2 34. Rxb7 Rxc3 35. Ra7 Kg7 (35... Rc6
36. Kh2 $11 {both sides have scatterred pawn islands}) 36. Rxa6 Kf6 $11 {
Komodo13})) 25... Bg4 $19 {Bl now gets 2Bs vs a R} 26. Nxe5 Bxh5 27. Nxd3 Rxd3
28. Rb4 (28. e5 Bd1 (28... Rd2 29. Rf4 Rxb2 (29... Kg7 30. g4 Bg6 31. b4 c5 32.
e6 fxe6 33. Rxe6 Rd7 $19 {Komodo13}) 30. e6 {missed by Wh} fxe6 31. Rxe6 Kg8
32. Rxh6 Rb5 33. Rb4 Rxa5 34. Rxb7 Bb6 $17 {though it is difficult to play for
both sides} 35. Kh2 Rc5 36. g4 Bf7 37. f4 Kg7 38. Rhxb6 cxb6 39. Rxb6 a5 40.
Ra6 Be8 $19 {Komodo13}) 29. Rf4 Bb3 30. Rb4 Bd5 $19 {Komodo13}) 28... Rd2 29.
Rf1 Be2 (29... b5 30. axb6 Bxb6 31. e5 Kg7 32. Ra1 a5 33. Rf4 Rxb2 $19 {
Komodo13}) 30. Ra1 (30. Rxb7 {considered, best chance-Komodo13} Bxf1 31. Rxa7
Bd3 32. Rxc7 Rxb2 33. Rxf7 Bxe4 34. Rf6 Bd3 35. Rxh6+ Kg7 36. Rc6 Rb5 37. f4
Rxa5 $15 {Wh can create a bit of play with the connected pawns & R against the
Bl K, but that a pawn shouls be able to win for Bl} 38. Kf2 Ra1 39. g4 a5 40.
Rc7+ Kg6 41. Ke3 Bc2 42. c4 a4 43. Ra7 a3 44. Ra6+ Kg7 45. Ra7+ Kf6 46. Ra6+
Ke7 47. Kd4 a2 48. Ra7+ Kd6 49. Ra6+ Kc7 50. Kc3 Bd3 51. Kb2 Rf1 52. Rxa2 {
seems to draw, Komodo13 nudged into looking at a possible line of play}) 30...
Bb5 $19 31. Kh2 (31. e5) 31... Bxf2 (31... Bc5 $1) 32. e5 Bc6 33. Rf1 Bd5 34.
Rg4 (34. Rf4 Be3 35. R4f3 Bxf3 36. Rxf3 Re2 37. Rxf7 Kg8 38. Rxc7 Bf4+ 39. Kh3
Rxb2 $19) 34... Be6 (34... Rxb2 35. Rd1 Be6 36. Rb4 Rxb4 37. cxb4 Kg7 $19 {
Komodo13}) 35. Rf4 (35. Rb4 Bd5) 35... Be3 36. R4f3 Bg5 37. R3f2 (37. Rxf7 {
Komodo13 keeps suggesting trying to give up an exchange in return for pawns}
Bxf7 38. Rxf7 Kg8 39. Rxc7 (39. e6 Bd8 40. c4 Rd6 41. Rf3 Rxe6 42. Rb3 b6 $19)
39... Bf4+ 40. Kh3 Rxb2 $19) 37... Rd5 38. b4 (38. Re1 Rxa5) 38... Rxe5 39. Rd1
Re3 (39... Kg7) 40. Rf3 Re4 (40... Rxf3 41. gxf3 Kg7 {gives Bl a passed pawn
which the Bs can guide through}) 41. Rdd3 (41. Rd4) 41... Kg7 42. Kg1 Bg4 43.
Rg3 h5 44. Rd5 Bf4 (44... Be3+ 45. Kf1 Bf4 {forces the exchange of a R for a B}
) 45. Rgd3 Bd6 (45... Be3+ 46. Kh2 (46. Kf1 Ba7 47. Rg3 Rf4+) 46... Be2 $19 {
does the same}) 46. b5 axb5 47. Rxb5 Ra4 (47... Be2 48. Rg5+ Kf6 49. Rdd5 Bg4 {
and one of the Rs will go}) 48. Rd4 Rxd4 (48... Ra1+ 49. Kf2 Ra2+ 50. Kg1 Bg3
51. Rdb4 c6 $1 52. Rb2 Ra4 53. Rxb7 Bf5 54. Rb1 Bxb1 55. Rxb1 Rxa5 $19 {
Komodo13}) 49. cxd4 {and Wh felt a bit of hopefulness here} Bc8 50. Rxh5 b6 (
50... f5 {Komodo13, cuts off the R} 51. Rg5+ Kf6 52. Rg8 Be6 53. Ra8 Bd5 54. a6
bxa6 55. Rxa6 f4 $19 {the Wh K is out of the action& the d pawn will fall}) 51.
axb6 {giving Bl a passed pawn, but Wh had seen a way to possibly win a B,
though there is a hole in the plan} (51. Rb5 Bd7 $1 (51... bxa5 52. Rxa5 {
which Bl tried in pm analysis gives Wh good hopes for a draw, as there is no
passed pawn & the Wh pawns can be protected} f5 {however this exact move by
Kommodo13 cuts off the Wh K} 53. Kf2 f4 $19) 52. Rd5 Bc6 53. Rh5 Kg6 54. g4
bxa5 55. Rxa5 Bf3 56. g5 c6 57. Kf2 Bd5 58. Ra8 Kxg5 $19 {Komodo13}) 51... cxb6
52. Rb5 Bc7 53. d5 {and Wh saw the flaw- d6, Bd8;d7, Bxd7 & Rd5 picking up a B.
} Bd7 (53... Bd6 54. Kf2 (54. Rxb6 $2 Bc5+) 54... Bc5+ $19) 54. Rb3 Bd6 55. Kf2
Bc5+ 56. Kf3 (56. Ke2 {trying to get to c4} Bf5 57. Kd2 Be4 58. d6 Kf6 59. d7
Ke7 $19 {Komodo13}) 56... Kf6 57. Ke4 Bf5+ 58. Kf3 {and Wh struggled on a while
} (58. Kf4 Bg6 59. g4 Ke7 60. Ke5 f6+ 61. Kf4 Kd6 62. Kf3 Kxd5 $19) 58... Ke5
59. g4 Bg6 60. Rb2 Kxd5 61. Kf4 Kc6 (61... f6) 62. Ke5 b5 63. Rb3 b4 64. Rf3
Kb5 65. Kd5 Bf8 (65... Bc2 {quickest} 66. Rf1 (66. Rxf7 Bb3+) 66... b3 67. Rxf7
b2 68. Rf1 Be3 69. g5 Bc1 70. Rf8 Bb3+ 71. Kd4 b1=Q {and mate in 8- Komodo13})
66. Rh3 Bg7 67. Rf3 Bc3 68. Rh3 Bc2 69. Rf3 Bb3+ (69... b3 70. Rxc3 b2 71. Rxc2
b1=Q {should win but takes longer}) 70. Ke4 Be6 71. Kd3 Bg7 72. Kc2 b3+ 73. Kb1
b2 74. Rf4 Kc5 75. g5 Kd5 76. Rf2 Bd4 77. Rf1 Ke5 78. Re1+ Kf5 79. Rd1 Bg7 80.
Rg1 Kg6 0-1

[Event "Welsh Seniors Championship"]
[Site "Merthyr Tydfil"]
[Date "2019.09.28"]
[Round "2.2"]
[White "Pinch, David"]
[Black "James, Dai"]
[Result "0-1"]
[WhiteElo "1642"]
[BlackElo "1858"]
[Annotator "kemen"]
[PlyCount "44"]
[EventDate "2019.??.??"]

1. d4 Nf6 2. c4 c5 3. Nf3 e6 4. g3 (4. d5 exd5 (4... b5)) 4... b6 (4... cxd4) (
4... d5) 5. Bg2 Bb7 6. O-O (6. d5 exd5 7. Nh4 {is an interestting line}) 6...
Be7 (6... cxd4) 7. Nc3 O-O 8. Qc2 (8. d5 {main} exd5 9. cxd5 (9. Nh4) 9... d6)
8... cxd4 9. Nxd4 Bxg2 10. Kxg2 Nc6 (10... Qc8) (10... Qc7 {main lines}) 11.
Nxc6 {Cloud Engines} (11. Rd1 Nxd4 12. Rxd4 Qc7 {1 Wh win, 1 draw, & 5 Bl wins}
) 11... dxc6 12. Rd1 Qc7 13. b3 (13. Ne4 Rad8 14. Bg5 Qe5 15. Nxf6+ Bxf6 16.
Bxf6 Qxf6 17. Rxd8 Rxd8 18. Rd1 h6 19. Rxd8+ Qxd8 {Barry-Sharp, New Hampshire
op, 2000,draw agreed}) (13. Bf4 e5 14. Bg5 $14 {Komodo13}) 13... Rad8 14. Bb2
h5 (14... c5 15. Rxd8 Rxd8 16. Rd1 a6 {Pitsck-Leick, Saarland ch, Saarlouis
2004,draw agreed}) (14... Nd7 15. Rd2 Nc5 $11 {Komodo13}) 15. e3 (15. Ne4 Ng4
16. Qc3 f6 17. f4 $14 {Komodo13}) 15... Rxd1 16. Rxd1 Rd8 17. Rxd8+ Qxd8 18.
Ne2 (18. Ne4 Nxe4 19. Qxe4 Qd2 20. Qd4 Qxd4 21. Bxd4 $11 {Komodo13}) (18. h3 a5
19. Ne2 Qd6 20. Bxf6 Bxf6 21. Qe4 $11 {Komodo13}) 18... h4 19. Nd4 (19. gxh4
$16 {Komodo13}) 19... Qa8 20. f3 (20. gxh4 c5+ 21. Nf3 Nh5 22. e4 $11 {Komodo13
}) (20. Nf3 c5 21. Bxf6 gxf6 (21... Bxf6 22. g4 Be7 23. h3 g5 24. e4 $14) 22.
Qd1 f5 23. Kh3 hxg3 24. hxg3 Bf6 25. Kg2 Qc6 26. Qh1 $11 {Komodo13}) 20... c5
21. Ne2 Ng4 (21... h3+ $1 $19 {Komodo13} 22. Kxh3 Qxf3 23. Bxf6 (23. Ng1 Qf1+
24. Qg2 Qf5+ 25. g4 Qh7+ 26. Kg3 Bd6+ 27. Kf2 Qc2+ 28. Ne2 (28. Kf1 Qd1+ 29.
Kf2 Nxg4+ {forces} 30. Qxg4 Qxg4 $19) 28... Ne4+ (28... Qxb2) 29. Kg1 Qxb2 $19)
23... Qf1+ 24. Kg4 gxf6 25. e4 f5+ 26. exf5 exf5+ 27. Qxf5 Qxe2+ $19) 22. Qd3 (
22. Qe4 {only move} h3+ 23. Kg1 Qxe4 24. fxe4 g5 $1 (24... Nxe3 25. Nf4 $15)
25. e5 Nxe3 $19) 22... h3+ (22... h3+ 23. Kf1 (23. Kxh3 Qxf3 24. Qd7 Nf2#)
23... Qxf3+ (23... Nxh2+) 24. Ke1 Nxh2 25. Kd2 Nf1+ 26. Kc2 h2 $19 {Komodo13})
0-1